000 00230nmm a2200085Ia 4500
008 220120s9999||||xx |||||||||||||||||und||
100 _aDigit
245 0 _aOffice ; Library manager 6.5.8, System , tree size professio
260 _c2004
999 _c138556
_d138556